Electronic Symbols by Picture - Statistics

General Stats
  • This quiz has been taken 275 times
  • The average score is 11 of 16
Answer Stats
Picture Answer % Correct
Switch
92%
Diode
90%
Battery
86%
Capacitor
85%
Earth
84%
LED
77%
Transistor
75%
NOR logic gate
74%
Resistor
74%
Inductor
71%
NAND logic gate
70%
Transformer
65%
Zener Diode
51%
FET
35%
EX OR logic gate
33%
Oscillator
26%
No matching quizzes found
Score Distribution
Percent of People with Each Score
Percentile by Number Answered
Your Score History
You have not taken this quiz